01666cam a22003737a 4500003000500000005001700005008004100022010001000063011001000073020001500083035001000098040000900108082001700117110005600134245012400190260006600314300001800380500010800398590004100506590004100547590004100588590004200629650002700671650005200698650004000750901000700790905002600797942001000823949007900833949007900912999001700991952014201008952014201150CHAP20220817043812.0010926d2000 mx r 00110 spa d a84861 a85833 a9681203615 a96370 cCHAP04a382.0972bB400aBanco Nacional de Comercio Exterior. México9986710aMedio siglo de financiamiento y promoción del comercio exterior de Méxicoc/por Banco Nacional de Comercio Exterior aMéxico, D.F. :bBanco Nacional de Comercio Exterior,c1987. a2 v. ;bilus. aContenido : v.1 Historia del Banco Nacional de Comercio Exterior, 1937-1987, v.2 Ensayos conmemorativos aBATCH-UPDb10c20130110lUCH01h1949 aBATCH-UPDb10c20130410lUCH01h1311 aBATCH-UPDb10c20130914lUCH01h0534 aCONVERSIONb10c20130109lUCH01h134701aDesarrollo económico14aBancos y operaciones bancariaszMéxico.9992614aComercio exteriorzMéxico.925638 aBK aAlejandra Carrasco M. cLIBRO a382.0972 B4bBCcLIBROd33724000857033eLIBROfv.2h101884i96370kDon.si a382.0972 B4bBCcLIBROd33724000857090eLIBROfv.1h101883i96370kDon.si c84861d84861 00102ddc4052708GRALaBCbBCcPA_GRALd2019-12-31fLIBROl0o382.0972 B4p33724000857033r2019-12-31 00:00:00tv.2w2019-12-31yLIBRO 00102ddc4052708GRALaBCbBCcPA_GRALd2019-12-31fLIBROl0o382.0972 B4p33724000857090r2019-12-31 00:00:00tv.1w2019-12-31yLIBRO